ბათუმის შოთა რუსთაველის სახელმწიფო უნივერსიტეტის ბიბლიოთეკა

შრომები : (ბიბ.ჩანაწერი № 58515)

000 -ლიდერი
ფიქსირებული სიგრძის საკონტროლო ველი 01239nam a22002057a 4500
003 - საკონტროლო ნომრის იდენტიფიკატორი
საკონტროლო ველი Ge_BSU
005 - ბოლო ოპერაციის თარიღი და დრო
საკონტროლო ველი 20220513132220.0
008 - ფიქსირებული სიგრძის მონაცემთა ელემენტები - ზოგადი ინფორმაცია
ფიქსირებული სიგრძის საკონტროლო ველი 220513s2020 ge ||||| |||| 00| 0 geo d
020 ## - წიგნის საერთაშორისო სტანდარტული ნომერი
International Standard Book Number 26679558
041 ## - ენის კოდი
Language code of text/sound track or separate title geo
080 ## - უნივერსალური ათობითი კლასიფიკაციის ინდექსი
Universal Decimal Classification number 159:378.4 შ-87
245 ## - ცნობა სათაურის შესახებ
Title შრომები :
Remainder of title ტ.2 /
Statement of responsibility, etc რედაქტორი თ. ბჟალავა; თბილისის სახელმწიფო სამედიცინო უნივერსიტეტი. ფსიქოლოგიური გამწყობის კვლევის და კორექციის ცენტრი.
264 ## - წარმოების, გამოცემის, დისტრიბუციის და სხვა ცნობები
გამოცემის, წარმოების, დისტრიბუციის... ადგილი [თბილისი] :
გამოცემის, წარმოების, დისტრიბუციის... სახელწოდება საარი,
გამოცემის, წარმოების, დისტრიბუციის... თარიღი 2020.
300 ## - ფიზიკური აღწერა
Extent 80 გვ.;
Other physical details 20 სმ.
504 ## - BIBLIOGRAPHY, ETC. NOTE
Bibliography, etc ბიბლიოგრ. თავების ბოლოს.
653 ## - INDEX TERM--UNCONTROLLED
Uncontrolled term ფსიქოლოგია
700 ## - ADDED ENTRY--PERSONAL NAME
Personal name ბჟალავა, თ.
Relator term რედაქტორი
9 (RLIN) 13727
710 ## - ADDED ENTRY--CORPORATE NAME
Corporate name or jurisdiction name as entry element თბილისის სახელმწიფო სამედიცინო უნივერსიტეტი.
Subordinate unit ფსიქოლოგიური გამწყობის კვლევის და კორექციის ცენტრი.
9 (RLIN) 13728
942 ## - ADDED ENTRY ELEMENTS (KOHA)
Source of classification or shelving scheme
Koha item type წიგნი
ეგზემპლარები
ჩამოწერის სტატუსი დაკარგული ეგზემპლარის სტატუსი კლასიფიკაციის წყარო ან თაროზე გაწყობის სქემა დაზიანების სტატუსი არ გაიცემა მუდმივი მდებარეობა (დაცვის ადგილი) ამჟამინდელი ადგილსამყოფელი თაროზე განთავსების ადგილი შეძენის თარიღი ღირებულება, შესყიდვის ნორმალური ფასი სრული შენახვის შიფრი შტრიხკოდი ბოლო ოპერაციის თარიღი ეგზემპლარის მიმდევრობითი ნომერი (კეტერი?) ფასის ძალაში შესვლის თარიღი ეგზემპლარის სახეობა საჯარო შენიშვნა
          ბათუმის შოთა რუსთაველის სახელმწიფო უნივერსიტეტის მთავარი ბიბლიოთეკა ბათუმის შოთა რუსთაველის სახელმწიფო უნივერსიტეტის მთავარი ბიბლიოთეკა წიგნსაცავი 2022-05-13 5.00 159:378.4 შ-87 62355 2022-05-13 62355 2022-05-13 წიგნი 5 ლ.